000 00493nam a2200169Ia 4500
008 220216s9999 xx 000 0 und d
100 _aJoseph M.[a]
245 0 _aDynamics of potassium in soil as influenced by long term application of potassium to rubber
260 _bJournal of Potassium Research
_c2000
300 _a14-Dec
650 _aLaterite soil
650 _aPotassium
650 _aPotassium fertilizer
700 _aPunnoose K.I.
700 _aSudhakumari B.
942 _cBS
999 _c51636
_d51636